|
|
|
|
| LEADER |
01519nam a22003017a 4500 |
| 001 |
30004 |
| 003 |
BD-DhAAL |
| 005 |
20151011141714.0 |
| 008 |
150902s1984 bg a|||| |||| 00| 0 eng d |
| 040 |
|
|
|a BD-DhAAL
|c BD-DhAAL
|
| 082 |
|
|
|2 22
|a 307.1412095492
|
| 999 |
|
|
|c 35757
|d 35757
|
| 999 |
|
|
|c 35757
|
| 999 |
|
|
|c 35415
|
| 245 |
|
|
|a Evaluation of TARC's training courses
|
| 260 |
|
|
|a Dhaka :
|b Training and Resource Centre (TARC), BRAC,
|c 1984
|
| 300 |
|
|
|a [53] p. :
|b ill. ;
|c 28 cm.
|
| 541 |
|
|
|e 30004
|
| 610 |
|
|
|a BRAC
|9 14368
|
| 650 |
|
|
|a Rural Development
|z Bangladesh
|9 14369
|
| 710 |
|
|
|a BRAC
|9 14368
|
| 852 |
|
|
|a Ayesha Abed Library
|c BRAC Resource Section
|
| 942 |
|
|
|2 ddc
|c BK
|
| 952 |
|
|
|0 0
|1 0
|2 ddc
|4 0
|6 307_141209549200000_EVA
|7 0
|9 56232
|a BRACUL
|b BRACUL
|c BRS
|d 2015-10-11
|e BRAC
|l 0
|o 307.1412095492 EVA
|p 3010030004
|r 2015-10-11
|t 1
|w 2015-10-11
|y BK
|
| 952 |
|
|
|0 0
|1 0
|2 ddc
|4 0
|6 307_141209549200000_EVA
|7 0
|9 56233
|a BRACUL
|b BRACUL
|c BRS
|d 2015-10-11
|e BRAC
|l 0
|o 307.1412095492 EVA
|p 3010030005
|r 2015-10-11
|t 2
|w 2015-10-11
|y BK
|
| 952 |
|
|
|0 0
|1 0
|2 ddc
|4 0
|6 307_141209549200000_EVA
|7 0
|9 56234
|a BRACUL
|b BRACUL
|c BRS
|d 2015-10-11
|e BRAC
|l 0
|o 307.1412095492 EVA
|p 3010030006
|r 2015-10-11
|t 3
|w 2015-10-11
|y BK
|
| 952 |
|
|
|0 0
|1 0
|2 ddc
|4 0
|6 307_141209549200000_EVA
|7 0
|9 56235
|a BRACUL
|b BRACUL
|c BRS
|d 2015-10-11
|e BRAC
|l 0
|o 307.1412095492 EVA
|p 3010030007
|r 2015-10-11
|t 4
|w 2015-10-11
|y BK
|
| 952 |
|
|
|0 0
|1 0
|2 ddc
|4 0
|6 307_141209549200000_EVA
|7 0
|9 56236
|a BRACUL
|b BRACUL
|c BRS
|d 2015-10-11
|e BRAC
|l 0
|o 307.1412095492 EVA
|p 3010030008
|r 2015-10-11
|t 5
|w 2015-10-11
|y BK
|